Türk tarihinden portreler/ (Record no. 9491)
| 000 -BAŞLIK | |
|---|---|
| Sabit Uzunluktaki Kontrol Alanı | 01587nam a22003737a 4500 |
| 001 - KONTROL NUMARASI | |
| Control Dosyası | 0009519 |
| 003 - KONTROL NUMARASI KİMLİĞİ | |
| Kontrol Alanı | KOHA_MİRAKIL |
| 005 - EN SON İŞLEM TARİHİ ve ZAMANI | |
| Kontrol Alanı | 20260207001711.0 |
| 007 - FİZİKSEL TANIM SABİT ALAN - GENEL BİLGİ | |
| Sabit uzunluklu kontrol alanı | ta |
| 008 - SABİT UZUNLUKTAKİ VERİ ÖGELERİ - GENEL BİLGİ | |
| Sabit Alan | 100707b1998 tu |||gr||||#0|||0|tur | |
| 020 ## - ISBN - ULUSLARARASI STANDART KİTAP NUMARASI | |
| Isbn | 9754372470 |
| 040 ## - KATALOGLAMA KAYNAĞI | |
| Özgün Kataloglama Kurumu | TR-BiSEU |
| Kataloglama Dili | tur |
| Çeviri Kurumu | TR-BiSEU |
| Açıklama Kuralları | rda |
| 041 0# - DİL KODU | |
| Metin ya da ses kaydının dil kodu | tur |
| 044 ## - YAYINLAYAN/ÜRETEN KURULUŞUN ÜLKE KODU | |
| ISO country code | tu |
| 050 ## - SINIFLAMA ve YER NUMARASI | |
| Sınıflama Numarası | DR441 |
| Yer Numarası | .O98 1998 |
| 100 1# - KİŞİ ADI | |
| Yazar Adı (Kişi adı) | Öztuna, Yılmaz. |
| 245 1# - ESER ADI BİLDİRİMİ | |
| Başlık | Türk tarihinden portreler/ |
| Sorumluluk Bildirimi | Yılmaz Öztuna ; Yılmaz Öztuna. |
| 264 #1 - ÜRERİM, YAYIN, DAĞITIM ve TELİF BİLDİRİMİ | |
| Yayın yeri | İstanbul : |
| Yayınlayan | Ötuken |
| Yayın tarihi | 1998 |
| 300 ## - FİZİKSEL TANIMLAMA | |
| Sayfa, Cilt vb. | 364 sayfa |
| 336 ## - İÇERİK TÜRÜ | |
| Content type term | metin |
| Content type code | txt |
| Source | rdacontent |
| 337 ## - MEDYA TÜRÜ | |
| Media type term | aracısız |
| Media type code | n |
| Source | rdamedia |
| 338 ## - TAŞIYICI TÜRÜ | |
| Carrier type term | cilt |
| Carrier type code | nc |
| Source | rdacarrier |
| 490 1# - DİZİ BİLDİRİMİ | |
| Dizi Bildirimi | Ötüken yayın ; |
| Cilt Numarası | nu. |
| 490 1# - DİZİ BİLDİRİMİ | |
| Dizi Bildirimi | 387. |
| 490 1# - DİZİ BİLDİRİMİ | |
| Dizi Bildirimi | Kültür serisi ; |
| Cilt Numarası | 132. |
| 505 ## - İÇİNDEKİLER NOTU | |
| İçindekiler Notu | En yaşlıları Bumin Kağan, en gençleri Turgut Özal olmak üzere kronolojik sıra takip edilerek yazılmıştır. "Tanıttığım şahsiyetlerin hepsinin Türk büyükleri, Türk dâhileri olmadıklarını sevgili okuyucularım hemen fark edeceklerdir. Daha mütevazı çapta büyükler de, Türk'e çok zarar vermiş birkaç kişi de alındı. Ancak çoğunluk, tarihimizin çeşitli alanlardaki dehalarından seçildi. Hiç unutulmasın, tarihin küçükleri de, tarihin büyükleri derecesinde milletlerin hayatını ve geleceğini şiddetle etkilemişlerdir." |
| 650 #0 - KONU BAŞLIĞI EK GİRİŞ - KONU TERİMİ | |
| Konusal terim veya coğrafi ad | Turkey--History. |
| 9 (RLIN) | 5455 |
| 650 #0 - KONU BAŞLIĞI EK GİRİŞ - KONU TERİMİ | |
| Konusal terim veya coğrafi ad | Turkic Peoples--History. |
| 9 (RLIN) | 23562 |
| 830 1# - SERİ EK GİRİŞİ - TEKBİÇİM ESER ADI | |
| Tekbiçim Başlık | Ötüken yayın ; |
| Volume number/sequential designation | nu. |
| 9 (RLIN) | 18980 |
| 830 1# - SERİ EK GİRİŞİ - TEKBİÇİM ESER ADI | |
| Tekbiçim Başlık | 387. |
| 9 (RLIN) | 23563 |
| 830 1# - SERİ EK GİRİŞİ - TEKBİÇİM ESER ADI | |
| Tekbiçim Başlık | Kültür serisi ; |
| Volume number/sequential designation | 132. |
| 9 (RLIN) | 5523 |
| 907 ## - LOCAL DATA ELEMENT G, LDG (RLIN) | |
| a | Tarih |
| 942 ## - EK GİRİŞ ÖGELERİ (KOHA) | |
| Source of classification or shelving scheme | Library of Congress Classification |
| Koha item type | Book |
| 505 ## - İÇİNDEKİLER NOTU | |
| -- | |
| Materyal Türü | Kalıcı Konum | Mevcut Konum | Raf Yeri | Sınıflandırma Kaynağı | Edinim Bilgisi | Ana Konular | Alt Konular | Yer Numarası | Demirbaş Numarası | Fatura Tarihi | Maliyet, Alış Fiyatı | Maliyet, Yenileme Fiyatı | Geri Çekilme Durumu | Kayıp Durumu | Hasarlı Durumu | Kredi için değil | Kayıt Tarih | Toplam Ödünçverme | Son Görülme Tarihi | Son Kontrol Tarihi | Genel / Bağış Notu |
|---|---|---|---|---|---|---|---|---|---|---|---|---|---|---|---|---|---|---|---|---|---|
| Book | BŞEÜ Gölpazarı MYO Kütüphanesi | BŞEÜ Gölpazarı MYO Kütüphanesi | Library of Congress Classification | Bağış | DÜNYA TARİHİ (AVRUPA, ASYA, AFRİKA VB.) | Balkan Yarımadası | DR441 .O98 1998 | 0019161 | 02/02/2026 | 4.00 | 4.00 | 07/07/2010 | 2 | 05/12/2024 | 05/12/2024 | Genel Bağış | |||||
| Book | Prof. Dr. Azmi Özcan Kütüphanesi | Prof. Dr. Azmi Özcan Kütüphanesi | Uluğbey Salonu | Library of Congress Classification | Bağış | DÜNYA TARİHİ (AVRUPA, ASYA, AFRİKA VB.) | Balkan Yarımadası | DR441 .O98 1999 | 0009519 | 13/08/2010 | 4.00 | 4.00 | 21/10/2009 | 1 | 05/12/2024 | 05/12/2024 | Ötüken Yayınevi |
